000
00421nam a2200145Ia 4500
008
090124s9999 xx 000 0 und d
082
_b
300778
245
_a
मेतकुट भात
250
_a
1
260
_b
खोले ग. शं. (खोले गजानन शंकर)
_c
1980
300
_a
88
630
_a
मेतकुट भात
730
_a
मेतकुट भात
942
_c
BOOK
999
_c
190332
_d
190332